000 00883pam a2200253 a 4500
999 _c3013
_d3013
001 580305
003 OSt
005 20190822121611.0
008 901001s1991 njua b 001 0 eng
010 _a 90020198
020 _a0138204322
040 _aDLC
_cDLC
_dDLC
050 0 0 _aQA76.758
_b.G47 1991
082 0 0 _a005.1
_220
_bGHE 1991
100 1 _aGhezzi, Carlo; Mehdi, Jazayeri; Dino, Mandrioli.
_96583
245 1 0 _aFundamentals of Software Engineering
260 _aEnglewood Cliffs, NJ :
_bPrentice Hall,
_c1991.
300 _axv, 573 p. :
_bill. ;
_c24 cm.
504 _aIncludes bibliographical references (p. 539-566) and index.
650 0 _aSoftware engineering.
_9565
906 _a7
_bcbc
_corignew
_d1
_eocip
_f19
_gy-gencatlg
942 _2ddc
_cSLOAN